Metody razrabotki integrirovannych ASU promyšlennosti predprijatijami

Gespeichert in:
Bibliographische Detailangaben
1. Verfasser: Ulanov, Georgijev Michajlovič
Weitere Verfasser: Krivošejev, V.M
Format: Buch
Sprache:Russisch
Veröffentlicht: Moskva Energoatomizdat 1983
Tags: Tag hinzufügen
Keine Tags, Fügen Sie das erste Tag hinzu!

MARC

LEADER 00000nam a2200000 4500
001 c132628
005 20041019155255.7
041 0 |a rus 
044 |a RU 
245 1 0 |a Metody razrabotki integrirovannych ASU promyšlennosti predprijatijami  |c Georgijev Michajlovič Ulanov, V.P. Krivošejev 
264 1 |a Moskva  |b Energoatomizdat  |c 1983 
300 |a 318 s. 
100 1 |a Ulanov, Georgijev Michajlovič 
700 1 |a Krivošejev, V.M.